Political history of Kashmir, B.C. 300-A.D. 1200 / (Record no. 21701)

MARC details
000 -LEADER
fixed length control field 01063cam a2200289 i 4500
001 - CONTROL NUMBER
control field 1270203
003 - CONTROL NUMBER IDENTIFIER
control field BDDh-ASL
005 - DATE AND TIME OF LATEST TRANSACTION
control field 20231015030029.0
008 - FIXED-LENGTH DATA ELEMENTS--GENERAL INFORMATION
fixed length control field 741112s1974 ii ab b 001 0 eng
010 ## - LIBRARY OF CONGRESS CONTROL NUMBER
LC control number 74902034
020 ## - INTERNATIONAL STANDARD BOOK NUMBER
Terms of availability Rs65.00
040 ## - CATALOGING SOURCE
Original cataloging agency DLC
Transcribing agency DLC
Modifying agency DLC
-- BDDh-ASL
043 ## - GEOGRAPHIC AREA CODE
Geographic area code a-ii---
-- a-pk---
050 00 - LIBRARY OF CONGRESS CALL NUMBER
Classification number DS485.K2
Item number S28 1974
082 00 - DEWEY DECIMAL CLASSIFICATION NUMBER
Classification number 954.6
Item number SAP
100 1# - MAIN ENTRY--PERSONAL NAME
Personal name Saxena, Krishna Swarup.
245 10 - TITLE STATEMENT
Title Political history of Kashmir, B.C. 300-A.D. 1200 /
Statement of responsibility, etc. by K. S. Saxena ; with a foreword by Karan Singh.
260 ## - PUBLICATION, DISTRIBUTION, ETC.
Place of publication, distribution, etc. Lucknow :
Name of publisher, distributor, etc. Upper India Pub. House,
Date of publication, distribution, etc. 1974.
300 ## - PHYSICAL DESCRIPTION
Extent xvi, 364 p. :
Other physical details ill., maps ;
Dimensions 25 cm.
500 ## - GENERAL NOTE
General note Running title: History of Kashmir.
500 ## - GENERAL NOTE
General note "Revised and enlarged form of the author's thesis approved for the award of the degree of doctor of philosophy by the Lucknow University in the year 1971."
500 ## - GENERAL NOTE
General note Includes index.
504 ## - BIBLIOGRAPHY, ETC. NOTE
Bibliography, etc. note Bibliography: p. 329-335.
651 #0 - SUBJECT ADDED ENTRY--GEOGRAPHIC NAME
Geographic name Kashmir
General subdivision Politics and government.
906 ## - LOCAL DATA ELEMENT F, LDF (RLIN)
a 7
b cbc
c orignew
d 4
e ncip
f 19
g y-gencatlg
942 ## - ADDED ENTRY ELEMENTS (KOHA)
Source of classification or shelving scheme Dewey Decimal Classification
Koha item type Books
Holdings
Withdrawn status Lost status Source of classification or shelving scheme Damaged status Not for loan Collection code Home library Current library Shelving location Date acquired Source of acquisition Total Checkouts Full call number Barcode Date last seen Copy number Price effective from Koha item type Public note
    Dewey Decimal Classification     Non-fiction Asiatic Society Library Asiatic Society Library General Stacks 02/10/2021 ASB Library Collections   954.6 SAP 105589 02/10/2021 C-1 02/10/2021 Books RARE

Powered by Koha